00787cam a22002297a 450000100090000000300120000900500170002100800410003801000170007902000150009604000120011108200170012310000200014024500730016026000490023330000330028250000200031565000350033570000190037085600900038985600780047913191681NUST - PNEC20170116180953.0030509s2003 nyua 001 0 eng  a 2003535427 a0471228281 cLIBRARY00a621.3815 COM1 aComer, David J.10aAdvanced electronic circuit designcDavid J. Comer, Donald T. Comer. a[New York, NY] :bJohn Wiley & Sons,cc2003. axi, 506 p. :bill. ;c26 cm. aIncludes index. 0aElectronic circuit design.xEL1 aComer, Donald.423Publisher descriptionuhttp://www.loc.gov/catdir/description/wiley037/2003535427.html413Table of contentsuhttp://www.loc.gov/catdir/toc/wiley032/2003535427.html